000 00620nam a2200217Ia 4500
005 20230118103155.0
008 131103s9999 xx 000 0 und d
020 _a141012110
_cRs 295
040 _aLoreto College
041 _aEnglish
082 _a954
_bSEN
100 _aSen, Amartya
245 4 _aThe Argumentative Indian
_b Writings on Indian History, Culture and Identity
_cAmartya Sen
260 _aLondon
_bPenguin Books
_c2005
300 _axx,409p
504 _aIncludes bibliographical references and index
650 _aHistory- India
651 _aIndian History
850 _aLCLIB
942 _cBK
999 _c12737
_d63216